00537 2200205 4500001002100000005001700021008004100038020001800079035002400097040001200121082001000133090001700143100001800160245004600178260004500224300001900269650001900288850001200307990001200319YOGYA-0209000006184920090227035958.0 ind  a0-89037-219-5 0010-020900000061849 aYOPDYOG a796.3 a796.3bFar A aFARIES, David aAdvice from the soccer proscDavid Faries aMountain ViewbAnderson Wared, incc1980 a166 hlmc21 cm aPermainan bola aYOPDYOG a25896-P